Is it Prime??? - Statistics

General Stats
  • This quiz has been taken 22 times
  • The average score is 11 of 15
Answer Stats
Question Answer % Correct
9 no
100%
7 yes
100%
2 yes
95%
23 yes
95%
34 no
89%
43 yes
89%
61 yes
79%
67 yes
79%
79 yes
63%
101 yes
63%
57 no
58%
87 no
58%
97 yes
47%
91 no
26%
14 yes
11%
No matching quizzes found
Score Distribution
Percent of People with Each Score
Percentile by Number Answered
Your Score History
You have not taken this quiz